Central Library OPAC University of Rajshahi

মধ্যযুগের সাহিত্যে সমাজ ও সংস্কৃতির রুপ / (Record no. 41306)

MARC details
000 -LEADER
fixed length control field 00882nam a2200229 a 4500
001 - CONTROL NUMBER
control field 41306
003 - CONTROL NUMBER IDENTIFIER
rucl marc code BD-RjUL
005 - DATE AND TIME OF LATEST TRANSACTION
control field 20211209053349.0
008 - FIXED-LENGTH DATA ELEMENTS--GENERAL INFORMATION
fixed length control field 160528s1977 xxu||||| |||| 00| 0 ben d
020 ## - INTERNATIONAL STANDARD BOOK NUMBER
Terms of availability : TK 30.00
035 ## - SYSTEM CONTROL NUMBER
System control number (BD-RjUL)41423
040 ## - CATALOGING SOURCE
Original cataloging agency BD-RjUL
Language of cataloging ben
Transcribing agency BD-RjUL
041 ## - LANGUAGE CODE
Language code of text/sound track or separate title ben
082 ## - DEWEY DECIMAL CLASSIFICATION NUMBER
Edition number 23
Classification number 891.4409
Author mark and year SHM 1977
100 ## - MAIN ENTRY--PERSONAL NAME
Personal name শরীফ, আহমদ
9 (RLIN) 127052
245 10 - TITLE STATEMENT
Title মধ্যযুগের সাহিত্যে সমাজ ও সংস্কৃতির রুপ /
Statement of responsibility, etc. আহমদ শরীফ
260 ## - PUBLICATION, DISTRIBUTION, ETC. (IMPRINT)
Place of publication, distribution, etc. ঢাকা :
Name of publisher, distributor, etc. মুক্তধারা,
Date of publication, distribution, etc. ১৯৭৭
300 ## - PHYSICAL DESCRIPTION
Pagination ৪৪৭ পৃ. ;
Size ২১ সেমি.
650 ## - SUBJECT ADDED ENTRY--TOPICAL TERM
Topical term or geographic name as entry element বাংলা সাহিত্য
General subdivision ইতিহাস ও সমালোচনা
9 (RLIN) 127053
Topical term or geographic name as entry element Bengali Literature
General subdivision History & Criticism
9 (RLIN) 127054
942 ## - ADDED ENTRY ELEMENTS (KOHA)
Source of classification or shelving scheme Dewey Decimal Classification
Koha item type Books
Holdings
Lost status Source of classification or shelving scheme Damaged status Not for loan Collection code Permanent Location Current Location Shelving location Date acquired Source of acquisition Cost, normal purchase price Total Checkouts Full call number Date last seen Copy number Koha item type Date checked out
  Dewey Decimal Classification     Non-fiction Central Library, University of Rajshahi Central Library, University of Rajshahi   02/06/1983 Muktodhara, Dhaka 30.00   B 891.4409 SHM 1977 28/05/2016 C-2 Books  
  Dewey Decimal Classification     Non-fiction Central Library, University of Rajshahi Central Library, University of Rajshahi   19/04/1978 Youreka book agency, Rajshahi. 30.00 1 B 891.4409 SHM 1977 30/07/2017 C-3 Books 26/07/2017
  Dewey Decimal Classification     Non-fiction Central Library, University of Rajshahi Central Library, University of Rajshahi   19/04/1978 Youreka book agency, Rajshahi. 30.00   B 891.4409 SHM 1977 18/08/2016 C-4 Books  
  Dewey Decimal Classification     Non-fiction Central Library, University of Rajshahi Central Library, University of Rajshahi   24/06/1978 Eureka book agency 30.00   B 891.4409 SHM 1977 20/08/2016 C-5 Books  
  Dewey Decimal Classification     Non-fiction Central Library, University of Rajshahi Central Library, University of Rajshahi   24/05/1978 Youreka book agency, Rajshahi. 30.00   B 891.4409 SHM 1977 21/08/2016 C-6 Books  
  Dewey Decimal Classification     Non-fiction Central Library, University of Rajshahi Central Library, University of Rajshahi   19/04/1978 Eureka book Agency, Rajshahi 30.00   B 891.4409 SHM 1977 06/11/2016 C-7 Books  
  Dewey Decimal Classification   Not For Loan Non-fiction Central Library, University of Rajshahi Central Library, University of Rajshahi Reading Room 01/02/1977 korim international 30.00   B 891.4409 SHM 1977 04/03/2017 C-1 Books